000 00708nam a2200289Ia 4500
005 20260324124204.0
008 008 260324s9999 xx 000 0 eng d
020 _a9780203832639
037 _aEBOOK
040 _aCRL
040 _beng
040 _cCRL
041 _2eng
041 _aeng
084 _qCRL
100 _aBarry Shenker
_91173184
245 0 _aIntentional Communities (Routledge Revivals)
245 0 _bIdeology and Alienation in Communal Societies
260 _bTaylor and Francis
260 _c2011
365 _a
365 _b265
856 _uhttp://www.taylorfrancis.com/books/9780203832639
942 _cEBOOK
999 _c1767365
_d1767365